000 00331 a2200169 4500
001 162182
020 _a85-322-0096-6
040 _cMagnum
100 _aFurnari, Eva
240 1 0 _aBruxinha 1
_lpor
245 1 0 _aBruxinha 1
300 _a32
362 0 _a1992
440 1 _aFTD
697 _aLITERATURA INFANTO
942 _cBK
999 _c162182
_d162182